[Event "IRQ-ch op 2nd"]
[Site "Baghdad"]
[Date "2013.03.07"]
[Round "3"]
[White "Al Rufaye, Iman Hasan Mohammed"]
[Black "Aboudi, Marwan"]
[Result "1/2-1/2"]
[WhiteElo "2156"]
[BlackElo "2157"]
[PlyCount "26"]
[EventDate "2013.03.06"]
[EventType "swiss"]
[EventRounds "9"]
[EventCountry "IRQ"]
[SourceTitle "CBM 153 Extra"]
[Source "ChessBase"]
[SourceDate "2013.04.22"]
[SourceVersion "1"]
[SourceVersionDate "2013.04.22"]
[SourceQuality "1"]

1. e4 c5 2. Nf3 d6 3. d4 cxd4 4. Nxd4 Nf6 5. Nc3 a6 6. g3 e6 7. Bg2 Be7 8. 0-0 Qc7 9. a4 Bd7 10. f4 Nc6 11. Kh1 0-0 12. Be3 b6 13. h3 Rab8 1/2-1/2

[Event "Olympiad-40"]
[Site "Istanbul"]
[Date "2012.08.31"]
[Round "4.4"]
[White "Zerafa, Patrick"]
[Black "Aboudi, Marwan"]
[Result "0-1"]
[WhiteElo "2089"]
[BlackElo "2160"]
[PlyCount "86"]
[EventDate "2012.08.28"]
[EventType "team-swiss"]
[EventRounds "11"]
[EventCountry "TUR"]
[SourceTitle "CBM 151"]
[Source "ChessBase"]
[SourceDate "2012.11.13"]
[SourceVersion "1"]
[SourceVersionDate "2012.11.13"]
[SourceQuality "1"]
[WhiteTeam "Malta"]
[BlackTeam "Jordan"]
[WhiteTeamCountry "MLT"]
[BlackTeamCountry "JOR"]

1. d4 Nf6 2. Nf3 e6 3. g3 b6 4. Bg2 Bb7 5. 0-0 c5 6. c4 cxd4 7. Nxd4 Bxg2 8. Kxg2 d6 9. Nc3 Qc8 10. Qa4+ Qd7 11. Qc2 Nc6 12. Nf3 Be7 13. b3 0-0 14. Bb2 Rfd8 15. Rad1 Qb7 16. Kg1 Rac8 17. Qb1 a6 18. Ne4 Nxe4 19. Qxe4 b5 20. Qg4 Bf8 21. Nd2 bxc4 22. Nxc4 d5 23. Ne3 Qb4 24. Qf3 a5 25. h4 a4 26. h5 axb3 27. axb3 Qxb3 28. Ba1 d4 29. Rb1 Qa3 30. Bb2 Qa4 31. Ng4 f5 32. Nh2 Qa2 33. Qd3 Nb4 34. Qb5 Rb8 35. Qe5 Nc6 36. Qc7 Rxb2 37. Rxb2 Qxb2 38. Qxc6 Qxe2 39. Nf3 d3 40. Re1 Qxe1+ 41. Nxe1 d2 42. Qxe6+ Kh8 43. Nf3 d1Q+ 0-1

[Event "Istanbul op-A 10th"]
[Site "Istanbul"]
[Date "2011.09.17"]
[Round "8"]
[White "Aboudi, Marwan"]
[Black "Nasri, Amin"]
[Result "0-1"]
[WhiteElo "2192"]
[BlackElo "2283"]
[PlyCount "90"]
[EventDate "2011.09.12"]
[EventType "swiss"]
[EventRounds "9"]
[EventCountry "TUR"]
[SourceTitle "CBM 144 Extra"]
[Source "ChessBase"]
[SourceDate "2011.10.28"]
[SourceVersion "1"]
[SourceVersionDate "2011.10.28"]
[SourceQuality "1"]

1. d4 d5 2. c4 e6 3. Nf3 c6 4. cxd5 exd5 5. Nc3 Nf6 6. Qc2 Be7 7. Bg5 Na6 8. a3 g6 9. e3 Bf5 10. Bd3 Bxd3 11. Qxd3 0-0 12. Bxf6 Bxf6 13. 0-0 Nc7 14. Na4 Nb5 15. Nc5 Nd6 16. b4 a5 17. Qb3 axb4 18. axb4 Qc7 19. Rfc1 b5 20. Ra2 Ra7 21. Rca1 Rfa8 22. h3 Nc4 23. Ne1 Bg5 24. Nc2 Be7 25. Qb1 Qb8 26. Nd7 Qb7 27. Nc5 Bxc5 28. dxc5 Rxa2 29. Rxa2 Ra4 30. Ra1 Qa6 31. Qe1 f6 32. Qc3 Kf7 33. g4 Qa8 34. Kg2 Qe8 35. Qd4 Rxa1 36. Nxa1 Qe4+ 37. Kf1 Qh1+ 38. Ke2 Qxh3 39. Qf4 Ne5 40. Nb3 Qh1 41. Nd4 Qe4 42. Qh6 Qxg4+ 43. f3 Qg2+ 44. Ke1 Kg8 45. f4 Nc4 0-1

[Event "Dubai op 13th"]
[Site "Dubai"]
[Date "2011.04.10"]
[Round "1"]
[White "Fedorov, Alexei"]
[Black "Aboudi, Marwan"]
[Result "1-0"]
[WhiteElo "2596"]
[BlackElo "2184"]
[PlyCount "56"]
[EventDate "2011.04.10"]
[EventType "swiss"]
[EventRounds "9"]
[EventCountry "UAE"]
[SourceTitle "CBM 141 Extra"]
[Source "ChessBase"]
[SourceDate "2011.05.03"]
[SourceVersion "1"]
[SourceVersionDate "2011.05.03"]
[SourceQuality "1"]

1. e4 e5 2. Nf3 Nc6 3. Bc4 Nf6 4. d3 Bc5 5. c3 d6 6. Bb3 h6 7. 0-0 0-0 8. Nbd2 a6 9. Re1 Re8 10. Nf1 Ba7 11. Be3 Bxe3 12. Nxe3 Ng4 13. d4 exd4 14. cxd4 Rxe4 15. Nxg4 Rxg4 16. d5 Ne7 17. Qe2 Kf8 18. Rac1 Bf5 19. Qd2 Re4 20. Nd4 Rxe1+ 21. Rxe1 Qd7 22. Qf4 Kg8 23. h4 Bh7 24. h5 Rf8 25. Rc1 c5 26. dxc6 Nxc6 27. Nxc6 bxc6 28. Qc4 c5 1-0

[Event "Asian Indoor Games 3rd Prelim"]
[Site "Ha Long City"]
[Date "2009.11.05"]
[Round "2"]
[White "Al Sayed, Mohammed"]
[Black "Aboudi, Marwan"]
[Result "1-0"]
[WhiteElo "2504"]
[BlackElo "2176"]
[PlyCount "51"]
[EventDate "2009.11.05"]
[EventType "team (rapid)"]
[EventRounds "9"]
[EventCountry "VIE"]
[SourceTitle "CBM 133 Extra"]
[Source "ChessBase"]
[SourceDate "2010.01.05"]
[SourceVersion "1"]
[SourceVersionDate "2010.01.05"]
[SourceQuality "1"]

1. d4 d5 2. c4 e6 3. Nc3 Nf6 4. cxd5 exd5 5. Bg5 Be7 6. e3 c6 7. Bd3 Nbd7 8. Qc2 h6 9. Bh4 0-0 10. Nge2 Re8 11. 0-0 Nh5 12. Bxe7 Qxe7 13. a3 a5 14. Rae1 Qh4 15. Ng3 Nxg3 16. hxg3 Qh5 17. e4 Nf6 18. exd5 Bd7 19. f3 Nxd5 20. Ne4 Be6 21. Qf2 Nb6 22. Nd6 Re7 23. Re5 g5 24. f4 Rd8 25. Ne4 Nd5 26. Rxd5 1-0

[Event "JOR-ch"]
[Site "Amman"]
[Date "2009.05.07"]
[Round "7"]
[White "Ababaneh, Ghaith"]
[Black "Aboudi, Marwan"]
[Result "0-1"]
[WhiteElo "2024"]
[BlackElo "2176"]
[PlyCount "74"]
[EventDate "2009.04.09"]
[EventType "swiss"]
[EventRounds "9"]
[EventCountry "JOR"]
[SourceTitle "CBM 130 Extra"]
[Source "ChessBase"]
[SourceDate "2009.07.02"]
[SourceVersion "2"]
[SourceVersionDate "2009.07.15"]
[SourceQuality "1"]

1. d4 Nf6 2. c4 e6 3. Nf3 d5 4. Nc3 Be7 5. e3 0-0 6. Bd3 dxc4 7. Bxc4 a6 8. 0-0 b5 9. Bb3 Bb7 10. Re1 Nbd7 11. a3 c5 12. d5 c4 13. dxe6 fxe6 14. Bc2 Qc7 15. e4 Bc5 16. h3 Rad8 17. Qe2 Nh5 18. Kh1 Nf4 19. Bxf4 Rxf4 20. Rad1 Rdf8 21. b3 Ne5 22. Nxe5 Qxe5 23. f3 Qxc3 24. bxc4 bxc4 25. Rd7 Bc8 26. Rc7 Bxa3 27. Rxc4 Qe5 28. Bb3 Bd6 29. Rxc8 Rxc8 30. Qxa6 Rff8 31. f4 Qxf4 32. e5 Rc1 33. Bd1 Rxd1 34. Rxd1 Bxe5 35. Qxe6+ Kh8 36. Qxe5 Qxe5 37. Rd5 Rf1# 0-1

[Event "JOR-ch"]
[Site "Amman"]
[Date "2009.04.24"]
[Round "6"]
[White "Aboudi, Marwan"]
[Black "Abohazeem, Abed"]
[Result "1/2-1/2"]
[WhiteElo "2176"]
[BlackElo "1824"]
[PlyCount "82"]
[EventDate "2009.04.09"]
[EventType "swiss"]
[EventRounds "9"]
[EventCountry "JOR"]
[SourceTitle "CBM 130 Extra"]
[Source "ChessBase"]
[SourceDate "2009.07.02"]
[SourceVersion "2"]
[SourceVersionDate "2009.07.15"]
[SourceQuality "1"]

1. e4 c6 2. d4 d5 3. exd5 cxd5 4. c4 Nf6 5. Nc3 Nc6 6. Nf3 e6 7. Bd3 Be7 8. c5 0-0 9. a3 a5 10. 0-0 Bd7 11. Na4 Ne4 12. Nb6 Ra7 13. Bf4 g5 14. Nxd7 Qxd7 15. Bxe4 dxe4 16. Nxg5 Bxg5 17. Bxg5 Qxd4 18. Qxd4 Nxd4 19. Rad1 Nb3 20. Be7 Rc8 21. Rd8+ Rxd8 22. Bxd8 Ra8 23. Bb6 Rc8 24. Re1 f5 25. Rd1 a4 26. Kf1 Rc6 27. Rd6 Kf7 28. Rd7+ Kg6 29. Rd6 Kf6 30. Rd7 Nxc5 31. Bxc5 Rxc5 32. Rxb7 f4 33. Rb4 Ke5 34. Rxa4 Rc1+ 35. Ke2 Rc2+ 36. Kd1 Rxb2 37. Rb4 Ra2 38. a4 Ra1+ 39. Ke2 Ra2+ 40. Ke1 Ra1+ 41. Ke2 Ra2+ 1/2-1/2